000
00279nam a22001217a 4500
008
170904b xxu||||| |||| 00| 0 eng d
041
_a
eng
080
_a
070
100
_a
40
101
_a
MED
245
_a
NEW IDEAS FOR TELEVISION,PRINT AND WEB
_c
STEBENS,J.E
942
_2
udc
_c
BK
999
_c
25937
_d
25937